Diagnostic significance of urinary enzymes in nephrology

Bibliographic Details
Main Authors: Turecký, Ladislav, 1953- (Author), Uhlíková, Eva, 1947- (Author)
Format: Article
Language:Slovak
English
ISSN:0006-9248
Subjects:

MARC

LEADER 00000nab a2200000 a 4500
001 vtls000855024
003 SK-MaSNL
005 20260416140716.0
008 250429c2003 xo 0 slo
015 |a SNBRB2003/12-35426 
035 |a CLN000206679 
035 |a urn:nbn:sk:snk-abr9k 
035 |a (urnnbn)urn:nbn:sk:snk:ar-a03fw2 
035 |a (uuid)0fdb46dd-7397-490b-a572-ccde2b305f54 
040 |a SNKBUCL  |b slo  |c SNKBUCL  |e AACR2 
041 0 |a eng 
044 |a xo  |c SK 
080 |a 616.61-07-08  |2 1997 
100 1 |a Turecký, Ladislav,  |d 1953-  |4 aut  |9 201341 
245 1 0 |a Diagnostic significance of urinary enzymes in nephrology  |c L. Turecky, E. Uhlikova 
504 |a Res. angl. 
504 |a Bibliogr. odkazy 
650 0 7 |a choroby obličiek  |2 MESH  |9 20122 
650 0 7 |a enzýmy  |2 MESH  |9 2463 
650 0 7 |a moč  |2 MESH 
650 0 7 |a diferenciálna diagnostika  |2 MESH  |9 69886 
650 0 7 |a aminopeptidázy  |2 MESH  |9 20050 
650 0 7 |a glukozaminidáza  |2 MESH  |9 1434048 
650 0 7 |a literatúra  |2 MESH  |9 1427 
655 7 |a články z novín a časopisov  |2 snkbucl  |9 267496 
700 1 |a Uhlíková, Eva,  |d 1947-  |4 aut  |9 1637121 
773 0 |t Bratislavské lekárske listy  |g Vol. 104, no. 1 (2003), s. 27-31  |x 0006-9248 
850 |a Slovenská národná knižnica 
852 |a Slovenská národná knižnica 
958 |a article27 
958 |a NB 
958 |a MI 
958 |a OND 
958 |a EUIPO 
992 |a RBX 
999 |c 2990813  |d 2992743